Geography Quiz

Random Geography or City Quiz

Just Read the Map IV Quiz Stats

Quiz Updated Jun 30, 2016

Challenge
Share
Tweet
Score 0/16 Timer 04:00
5 Plays Today
City % Correct
Dubai
86.6%
Johannesburg
68.9%
Manchester
55.9%
Ho Chi Minh City
48.6%
Tokyo
45.2%
Bangkok
44.1%
Seoul
43.3%
Buenos Aires
41.8%
City % Correct
San Diego
41.1%
New Delhi
40%
Oslo
39.7%
Hong Kong
33.8%
Baghdad
33.3%
Melbourne
32.1%
Lima
23.8%
Lake Placid
23.4%

You're not logged in!

Compare scores with friends on all Sporcle quizzes.
Sign Up with Email
OR
Log In

You Might Also Like...

Show Comments

Extras

Top Quizzes Today


Score Distribution

Your Account Isn't Verified!

In order to create a playlist on Sporcle, you need to verify the email address you used during registration. Go to your Sporcle Settings to finish the process.